000 00406cam a22001097a 4500
008 180718b xxu||||| |||| 00| 0 eng d
082 _aR12x73 Un3-1962
245 _aState laws regulating private employment agencies
_cby U.S. Department of Labor
260 _aWashington
_bU.S. Government Printing Office
_c
500 _aBullentin no, 209, 1960Jan, Bullentin no, 252, Dec1962
700 _aU.S. Department of Labor
999 _c495778
_d495778